|
|
|
|
| LEADER |
01779cas a2200289 a 4500 |
| 001 |
AALejournalIMF022439 |
| 008 |
230101c9999 xx r poo 0 0eng d |
| 020 |
|
|
|c 50.00 USD
|
| 020 |
|
|
|z 9798400203084
|
| 022 |
|
|
|a 1020-1637
|
| 040 |
|
|
|a BD-DhAAL
|c BD-DhAAL
|
| 110 |
2 |
|
|a International Monetary Fund.
|b Statistics Dept.
|
| 245 |
1 |
0 |
|a IMF Committee on Balance of Payments Statistics :
|b Annual Report 2021.
|
| 264 |
|
1 |
|a Washington, D.C. :
|b International Monetary Fund,
|c 2022.
|
| 300 |
|
|
|a 1 online resource (17 pages)
|
| 490 |
1 |
|
|a Balance of Payments Statistics
|
| 500 |
|
|
|a <strong>Off-Campus Access:</strong> No User ID or Password Required
|
| 500 |
|
|
|a <strong>On-Campus Access:</strong> No User ID or Password Required
|
| 506 |
|
|
|a Electronic access restricted to authorized BRAC University faculty, staff and students
|
| 520 |
3 |
|
|a The 2021 Annual Report1 of the IMF Committee on Balance of Payments Statistics (the Committee) provides an overview of recent trends in global balance of payments and international investment position statistics, on this occasion with special emphasis on the significant effects of the pandemic on selected balance of payments components, particularly cross-border trade, tourism, and financial flows. The Report also summarizes the Committee's work and presents the work program for the coming year.
|
| 538 |
|
|
|a Mode of access: Internet
|
| 650 |
|
7 |
|a General Financial Markets
|2 imf
|
| 650 |
|
7 |
|a Investment Decisions
|2 imf
|
| 650 |
|
7 |
|a Portfolio Choice
|2 imf
|
| 651 |
|
7 |
|a Dominica
|2 imf
|
| 830 |
|
0 |
|a Balance of Payments Statistics; Balance of Payments Statistics ;
|v No 2021/001
|
| 856 |
4 |
0 |
|z Full text available on IMF
|u http://elibrary.imf.org/view/books/044/513138-9798400203084-en/513138-9798400203084-en-book.xml
|z IMF e-Library
|